000 00526nam a2200181Ia 4500
005 20250326142036.0
008 250326s9999 xx 000 0 und d
037 _aTextbook
040 _aFMSL
_beng
_cFMSL
041 _aeng
_2eng
084 _aX76:3.44 M4
_qFMSL
100 _aBhattacharya B B
245 0 _aPublic expenditure inflation and Growth
_cBhattacharya B B
260 _aBombay
_bBombay, Oxford University Press
_c1984
300 _a255p
942 _cTB
_hX76:3.44 M4
999 _c1293170
_d1293170